Qualitative research and evaluation methods / (Record no. 2546)

000 -LEADER
fixed length control field 03008cam a2200457 a 4500
001 - CONTROL NUMBER
control field 12508725
003 - CONTROL NUMBER IDENTIFIER
control field OSt
005 - DATE AND TIME OF LATEST TRANSACTION
control field 20180117085943.0
008 - FIXED-LENGTH DATA ELEMENTS--GENERAL INFORMATION
fixed length control field 010821s2002 caua b 001 0 eng
010 ## - LIBRARY OF CONGRESS CONTROL NUMBER
LC control number 2001005181
020 ## - INTERNATIONAL STANDARD BOOK NUMBER
International Standard Book Number 0761919716
040 ## - CATALOGING SOURCE
Original cataloging agency DLC
Transcribing agency DLC
Modifying agency DLC
050 00 - LIBRARY OF CONGRESS CALL NUMBER
Classification number H62
Item number .P3218 2002
082 00 - DEWEY DECIMAL CLASSIFICATION NUMBER
Classification number 001.42
Edition number 21
100 1# - MAIN ENTRY--PERSONAL NAME
Personal name Patton, Michael Quinn.
245 10 - TITLE STATEMENT
Title Qualitative research and evaluation methods /
Statement of responsibility, etc. by Michael Quinn Patton.
250 ## - EDITION STATEMENT
Edition statement 3 ed.
260 ## - PUBLICATION, DISTRIBUTION, ETC.
Place of publication, distribution, etc. Thousand Oaks, Calif. :
Name of publisher, distributor, etc. Sage Publications,
Date of publication, distribution, etc. c2002.
300 ## - PHYSICAL DESCRIPTION
Extent xxiv, 598, [65] p. :
Other physical details ill. ;
Dimensions 26 cm.
500 ## - GENERAL NOTE
General note Rev. ed. of: Qualitative evaluation and research methods. 2nd ed. 1990.
504 ## - BIBLIOGRAPHY, ETC. NOTE
Bibliography, etc. note Includes bibliographical references and indexes.
650 #0 - SUBJECT ADDED ENTRY--TOPICAL TERM
Topical term or geographic name entry element Social sciences
General subdivision Methodology.
650 #0 - SUBJECT ADDED ENTRY--TOPICAL TERM
Topical term or geographic name entry element Evaluation research (Social action programs)
700 1# - ADDED ENTRY--PERSONAL NAME
Personal name Patton, Michael Quinn.
Title of a work Qualitative evaluation and research methods.
856 42 - ELECTRONIC LOCATION AND ACCESS
Materials specified Publisher description
Uniform Resource Identifier <a href="http://www.loc.gov/catdir/enhancements/fy0658/2001005181-d.html">http://www.loc.gov/catdir/enhancements/fy0658/2001005181-d.html</a>
856 41 - ELECTRONIC LOCATION AND ACCESS
Materials specified Table of contents only
Uniform Resource Identifier <a href="http://www.loc.gov/catdir/enhancements/fy0658/2001005181-t.html">http://www.loc.gov/catdir/enhancements/fy0658/2001005181-t.html</a>
856 42 - ELECTRONIC LOCATION AND ACCESS
Materials specified Contributor biographical information
Uniform Resource Identifier <a href="http://www.loc.gov/catdir/enhancements/fy0734/2001005181-b.html">http://www.loc.gov/catdir/enhancements/fy0734/2001005181-b.html</a>
906 ## - LOCAL DATA ELEMENT F, LDF (RLIN)
a 7
b cbc
c orignew
d 1
e ecip
f 20
g y-gencatlg
942 ## - ADDED ENTRY ELEMENTS (KOHA)
Source of classification or shelving scheme
Koha item type Book
Holdings
Withdrawn status Lost status Source of classification or shelving scheme Damaged status Not for loan Collection code Permanent Location Current Location Shelving location Date acquired Total Checkouts Total Renewals Full call number Barcode Date last seen Date last checked out Price effective from Koha item type Checked out
          Computer Science Central Library (CL) Central Library (CL) First Floor - Computer Science 01/26/2016 2 7 001.42 PAT S3H-S-279 12/28/2023 06/20/2022 01/26/2016 Book  
          Computer Science Central Library (CL) Central Library (CL) First Floor - Computer Science 03/16/2016     001.42 PAT S3H-P-41 01/17/2022   03/16/2016 Book  
          Computer Science Central Library (CL) Central Library (CL) First Floor - Computer Science 03/16/2016 1   001.42 PAT S3H-P-42 09/21/2017 09/21/2017 03/16/2016 Book 11/05/2017
          Computer Science Central Library (CL) Central Library (CL) First Floor - Computer Science 03/16/2016 1   001.42 PAT S3H-P-43 10/25/2017 09/21/2017 03/16/2016 Book  
          Computer Science Central Library (CL) Central Library (CL) First Floor - Computer Science 03/16/2016 1   001.42 PAT S3H-P-44 11/30/2023 11/30/2023 03/16/2016 Book 12/30/2023
          Computer Science Central Library (CL) Central Library (CL) First Floor - Computer Science 03/16/2016 1   001.42 PAT S3H-P-45 10/21/2022 10/26/2021 03/16/2016 Book  
          Computer Science Central Library (CL) Central Library (CL) First Floor - Computer Science 03/16/2016 1   001.42 PAT S3H-S-280 10/17/2018 10/17/2018 03/16/2016 Book 02/14/2019
          Computer Science Central Library (CL) Central Library (CL) First Floor - Computer Science 03/16/2016 1   001.42 PAT S3H-S-281 01/22/2019 10/19/2017 03/16/2016 Book  
          Computer Science Central Library (CL) Central Library (CL) First Floor - Computer Science 03/07/2017 2 4 001.42 PAT S3H-S-282 08/12/2025 11/12/2021 03/07/2017 Book  
          Computer Science Central Library (CL) Central Library (CL) First Floor - Computer Science 07/28/2017 1   001.42 PAT S3H-S-45 04/24/2018 04/11/2018 07/28/2017 Book  
© 2023 Central Library, National University of Sciences and Technology. All Rights Reserved.